| 000 | 00299 a2200121 4500 | ||
|---|---|---|---|
| 001 | 66237 | ||
| 082 | _a372.89044 SMI | ||
| 090 |
_c38522 _d38522 |
||
| 100 | _aMaggie Smith | ||
| 245 | _aTeaching Geography in Secondary Schools | ||
| 260 |
_aNew York _bRoutledge Falmer _c2002 |
||
| 300 | _a330p. | ||
| 942 |
_aNUST-CAE _k372.89044 SMI |
||
| 999 |
_c301310 _d301310 |
||